00772nam a2200157Ia 4500008004100000100002500041245013500066245017300201260005300374260000900427300001000436650001500446856006100461999001900522952007300541170221s9999 xx 000 0 und d aRimma R. Khanmurzina aManagement Effectiveness of Students Socialization as a Development Imperative of Cultures Dialogue and Civilizations Partnership  cRimma R. Khanmurzina, Marina B. Kozhanova, Olga P. Zabolotskikh, Olga A. Petukhova, Alfiya Sh. Yarullina, Diana F. Kajumova, Marat N. Badrutdinov, Guzel B. Sayfutdinova bInternational Review of Management and Marketing c2012 a7 : 2 xMarketing. uhttp://www.econjournals.com/index.php/irmm/issue/view/71 c314045d314045 001040aCLbCLd2017-02-21l0r2017-02-21 00:00:00w2017-02-21yFOJ